Maximum na dosah ruky
Desiatka najväčších obchodníkov v roku 2002. Lídrom je tradične Tesco. Podiel obchodných sietí na celkových tržbách.Vývoj tržieb obchodných spoločností v bežných cenách.
Guardado en:
| Autor principal: | |
|---|---|
| Formato: | Capítulo de libro |
| Lenguaje: | eslovaco |
| Materias: | |
| Etiquetas: |
Sin Etiquetas, Sea el primero en etiquetar este registro!
|
MARC
| LEADER | 00000naa a2200000 4500 | ||
|---|---|---|---|
| 001 | r045902 | ||
| 005 | 20231004094204.2 | ||
| 041 | 0 | |a slo | |
| 044 | |a SK | ||
| 245 | 1 | 0 | |a Maximum na dosah ruky |c Peter Tomčík |
| 520 | |a Desiatka najväčších obchodníkov v roku 2002. Lídrom je tradične Tesco. Podiel obchodných sietí na celkových tržbách.Vývoj tržieb obchodných spoločností v bežných cenách. | ||
| 610 | 2 | 0 | |a analýza trhu |
| 610 | 2 | 0 | |a spoločnosti obchodné |
| 610 | 2 | 0 | |a spoločnosti nadnárodné |
| 610 | 2 | 0 | |a siete obchodné |
| 610 | 2 | 0 | |a vývoj |
| 610 | 2 | 0 | |a Slovensko |
| 100 | 1 | |a Tomčík, Peter | |